| 000 | 00555nam a2200169 4500 | ||
|---|---|---|---|
| 001 | 4005 | ||
| 005 | 20181127172412.0 | ||
| 100 | 0 | 0 | _aGyeltshen, Gyurmey Sonam. |
| 245 | 0 | 0 |
_aNunneries of Bhutan : _bA brief guide / _cGyurmey Sonam Gyeltshen. _h |
| 250 | 0 | 0 | _a1st Ed. |
| 260 | 0 | 0 |
_aThimphu : _bKuensel Corporation Limited, _c2013. |
| 300 | 0 | 0 | _axii, 107 p. ; 18 cm. |
| 500 | 0 | 0 | _aIn Dzongkha and English. |
| 650 | 0 | 0 |
_aMonastic and religious life --Bhutan --History. _x |
| 650 | 0 | 0 |
_aMonastic and religious life of women _x |
| 650 | 0 | 0 |
_aNuns --Bhutan --History. _x |
| 999 |
_c3271 _d3271 |
||